000 00676cam a22002174a 4500
020 _a9781597180832 (pbk.)
020 _a1597180831 (pbk.)
040 _cBNG
245 0 0 _aGetting started with Stata for Unix :
_brelease 12.
246 1 4 _aStata release 12 :
_bgetting started with Stata for Unix
246 1 8 _aStata 12 :
_bgetting started with Stata for Unix
260 _aCollege Station, Tex. :
_bStataCorp LP,
_cc2011.
300 _av, 148 p. :
_bill. ;
_c24 cm.
500 _a"A Stata Press Publication."
500 _aIncludes index.
650 0 _aSocial sciences
650 0 _aSocial sciences
650 0 _aStatistics
710 2 _aStataCorp LP.
942 _cAEDBB
999 _c16435
_d16435